000 00685nam a2200289Ia 4500
005 20260324134139.0
008 008 260324s9999 xx 000 0 eng d
020 _a9780367805142
037 _aEBOOK
040 _aCRL
040 _beng
040 _cCRL
041 _2eng
041 _aeng
084 _qCRL
100 _aMichel Baudin
_91195747
245 0 _aLean Assembly
245 4 _bThe Nuts and Bolts of Making Assembly Operations Flow
260 _bTaylor and Francis
260 _c2002
365 _a
365 _b105
856 _uhttp://www.taylorfrancis.com/books/9780367805142
942 _cEBOOK
999 _c1795500
_d1795500